000 00567nam a2200217Ia 4500
003 OSt
005 20220928143144.0
006 a|||||r|||| 00| 0
007 ta
008 220927b |||||||| |||| 00| 0 eng d
024 _a21298
037 _cTextual
040 _aSDCL
_cSDCL
_beng
041 _2eng
_aeng
082 _aQ30a01511, L2
100 _aJain Bhaskar Bhagchandra
_9504783
245 0 _aJainism in Buddhist literature.
260 _c1972
942 _hQ30a01511, L2
_cTEXL
_2CC
999 _c823341
_d823341